| 000 | 01148cam a22003135a 4500 | ||
|---|---|---|---|
| 001 | 016446360 | ||
| 003 | OSt | ||
| 005 | 20160516140336.0 | ||
| 008 | 130611s2013 enka frb 001 0 eng d | ||
| 020 | _a9780857110541 (pbk.) | ||
| 040 |
_aStDuBDS _beng _cStDuBDS _dUk _dEG-ScBUE |
||
| 082 | 0 | 4 |
_a614.13 _222 _bCLA |
| 130 | 0 | _aAnalytical forensic toxicology. | |
| 245 | 1 | 0 |
_aClarke's analytical forensic toxicology / _cedited by Adam Negrusz, Gail A.A. Cooper. |
| 250 | _a2nd ed. | ||
| 260 |
_aLondon : _bPharmaceutical press, _c2013. |
||
| 300 |
_axxi, 634 p. : _bill. ; _c25 cm. |
||
| 500 | _aPrevious edition : 2008. | ||
| 500 | _aIndex : p. [605]-634. | ||
| 500 | _a"This book is adapted from contributions published in volume 1 of Clarke's analysis of drugs and poisons, 4th edition." | ||
| 504 | _aIncludes bibliographical references. | ||
| 650 | 7 |
_aForensic toxicology. _2BUEsh _939604 |
|
| 650 | 7 |
_aAnalytical toxicology. _2BUEsh _939605 |
|
| 653 |
_bPPhrm _cMay2016 |
||
| 700 | 1 |
_aNegrusz, Adam, _cPh. D., _eeditor. |
|
| 700 | 1 |
_aCooper, Gail Audrey Ann, _eeditor. |
|
| 740 | 0 | _aClarke's analysis of drugs and poisons. | |
| 942 | _2ddc | ||
| 999 |
_c21752 _d21724 |
||